01431nam a2200337Ia 4500001001200000003000800012006001900020007001500039008004100054010001700095020001500112020001800127040002100145035002100166050002700187082001600214245014500230260008900375300002700464490005300491504006600544533015200610650003100762650003900793655002900832700001800861700002100879710001700900830005000917856012600967ebr10186370CaPaEBRm u cr cn|||||||||061011s2007 caua sb 001 0 eng d z 2007296561 z0123695260 z9780123695260 aCaPaEBRcCaPaEBR a(OCoLC)77193934314aTK7895.E42bC88 2007eb04a621.39222200aCustomizable embedded processorsh[electronic resource] :bdesign technologies and applications /cPaolo Ienne and Rainer Leupers [editors]. aSan Francisco :bMorgan Kaufmann ;aOxford :bElsevier Science [distributor],c2007. axxviii, 497 p. :bill.1 aThe Morgan Kaufmann series in systems on silicon aIncludes bibliographical references (p. [465]-484) and index. aElectronic reproduction.bPalo Alto, Calif. :cebrary,d2009.nAvailable via World Wide Web.nAccess may be limited to ebrary affiliated libraries. 0aEmbedded computer systems. 0aEmbedded computer systemsxDesign. 7aElectronic books.2local1 aIenne, Paolo.1 aLeupers, Rainer.2 aebrary, Inc. 0aMorgan Kaufmann series in systems on silicon.40uhttp://site.ebrary.com/lib/rucke/Doc?id=10186370zAn electronic book accessible through the World Wide Web; click to view